|
|
|
|
| LEADER |
01000caa a2200265 c 4500 |
| 001 |
47748445X |
| 003 |
DE-627 |
| 005 |
20231113090829.0 |
| 007 |
tu |
| 008 |
050119s1973 xx ||||| 00| ||ger c |
| 035 |
|
|
|a (DE-627)47748445X
|
| 035 |
|
|
|a (DE-576)9477484458
|
| 035 |
|
|
|a (DE-599)GBV47748445X
|
| 040 |
|
|
|a DE-627
|b ger
|c DE-627
|e rakwb
|
| 041 |
|
|
|a ger
|
| 100 |
1 |
|
|a Grothusen, Klaus-Detlev
|d 1928-1994
|e verfasserin
|0 (DE-588)119504480
|0 (DE-627)080320473
|0 (DE-576)161215858
|4 aut
|
| 245 |
1 |
0 |
|a Probleme der Geschichte Kroatiens und ihrer Darstellung
|c Klaus-Detlev Grothusen
|
| 264 |
|
1 |
|c 1973
|
| 336 |
|
|
|a Text
|b txt
|2 rdacontent
|
| 337 |
|
|
|a ohne Hilfsmittel zu benutzen
|b n
|2 rdamedia
|
| 338 |
|
|
|a Band
|b nc
|2 rdacarrier
|
| 773 |
0 |
8 |
|i In
|t Südost-Forschungen
|d Berlin : De Gruyter Oldenbourg, 1940
|g 32(1973), Seite 300-308
|w (DE-627)129523208
|w (DE-600)212980-2
|w (DE-576)014939932
|x 0081-9077
|7 nnas
|
| 773 |
1 |
8 |
|g volume:32
|g year:1973
|g pages:300-308
|
| 912 |
|
|
|a GBV_USEFLAG_U
|
| 912 |
|
|
|a GBV_ILN_21
|
| 912 |
|
|
|a ISIL_DE-46
|
| 912 |
|
|
|a SYSFLAG_1
|
| 912 |
|
|
|a GBV_KXP
|
| 912 |
|
|
|a GBV_ILN_11
|
| 912 |
|
|
|a GBV_ILN_22
|
| 912 |
|
|
|a GBV_ILN_24
|
| 912 |
|
|
|a GBV_ILN_26
|
| 912 |
|
|
|a GBV_ILN_31
|
| 912 |
|
|
|a GBV_ILN_39
|
| 912 |
|
|
|a GBV_ILN_40
|
| 912 |
|
|
|a GBV_ILN_60
|
| 912 |
|
|
|a GBV_ILN_72
|
| 912 |
|
|
|a GBV_ILN_120
|
| 912 |
|
|
|a GBV_ILN_267
|
| 912 |
|
|
|a GBV_ILN_350
|
| 912 |
|
|
|a GBV_ILN_2001
|
| 912 |
|
|
|a GBV_ILN_2002
|
| 912 |
|
|
|a GBV_ILN_2003
|
| 912 |
|
|
|a GBV_ILN_2004
|
| 912 |
|
|
|a GBV_ILN_2006
|
| 912 |
|
|
|a GBV_ILN_2007
|
| 912 |
|
|
|a GBV_ILN_2008
|
| 912 |
|
|
|a GBV_ILN_2009
|
| 912 |
|
|
|a GBV_ILN_2010
|
| 912 |
|
|
|a GBV_ILN_2011
|
| 912 |
|
|
|a GBV_ILN_2012
|
| 912 |
|
|
|a GBV_ILN_2018
|
| 912 |
|
|
|a GBV_ILN_2024
|
| 912 |
|
|
|a GBV_ILN_2032
|
| 912 |
|
|
|a GBV_ILN_2040
|
| 912 |
|
|
|a GBV_ILN_2126
|
| 912 |
|
|
|a GBV_ILN_2164
|
| 912 |
|
|
|a GBV_ILN_2315
|
| 912 |
|
|
|a GBV_ILN_2453
|
| 912 |
|
|
|a GBV_ILN_2570
|
| 912 |
|
|
|a GBV_ILN_2579
|
| 912 |
|
|
|a GBV_ILN_4012
|
| 912 |
|
|
|a GBV_ILN_4027
|
| 912 |
|
|
|a GBV_ILN_4028
|
| 912 |
|
|
|a GBV_ILN_4029
|
| 912 |
|
|
|a GBV_ILN_4035
|
| 912 |
|
|
|a GBV_ILN_4037
|
| 912 |
|
|
|a GBV_ILN_4038
|
| 912 |
|
|
|a GBV_ILN_4082
|
| 912 |
|
|
|a GBV_ILN_4103
|
| 912 |
|
|
|a GBV_ILN_4112
|
| 912 |
|
|
|a GBV_ILN_4116
|
| 912 |
|
|
|a GBV_ILN_4125
|
| 912 |
|
|
|a GBV_ILN_4126
|
| 912 |
|
|
|a GBV_ILN_4155
|
| 912 |
|
|
|a GBV_ILN_4193
|
| 912 |
|
|
|a GBV_ILN_4261
|
| 912 |
|
|
|a GBV_ILN_4302
|
| 912 |
|
|
|a GBV_ILN_4305
|
| 912 |
|
|
|a GBV_ILN_4306
|
| 912 |
|
|
|a GBV_ILN_4309
|
| 912 |
|
|
|a GBV_ILN_4310
|
| 912 |
|
|
|a GBV_ILN_4311
|
| 912 |
|
|
|a GBV_ILN_4314
|
| 912 |
|
|
|a GBV_ILN_4319
|
| 912 |
|
|
|a GBV_ILN_4322
|
| 912 |
|
|
|a GBV_ILN_4323
|
| 912 |
|
|
|a GBV_ILN_4324
|
| 912 |
|
|
|a GBV_ILN_4325
|
| 912 |
|
|
|a GBV_ILN_4326
|
| 912 |
|
|
|a GBV_ILN_22
|
| 912 |
|
|
|a ISIL_DE-18
|
| 912 |
|
|
|a GBV_ILN_22_i30402
|
| 912 |
|
|
|a GBV_ILN_22_i30310
|
| 912 |
|
|
|a GBV_ILN_26
|
| 912 |
|
|
|a ISIL_DE-206
|
| 912 |
|
|
|a GBV_ILN_2570
|
| 912 |
|
|
|a ISIL_DE-364
|
| 935 |
|
|
|i ZBWRetro
|
| 951 |
|
|
|a AR
|
| 952 |
|
|
|d 32
|j 1973
|h 300-308
|
| 980 |
|
|
|2 21
|1 01
|x 0046
|b 1203695772
|y xza
|z 09-12-10
|
| 980 |
|
|
|2 22
|1 01
|x 0018
|b 864717741
|y xi30402
|z 19-03-08
|
| 980 |
|
|
|2 22
|1 02
|x 0018
|b 475645299X
|c 00
|f 18/303
|d 4: S 2330
|e g
|j --%%--
|k Sonderstandort: R 015
|k Widmung des Verfassers
|y zi30310
|z 12-08-25
|
| 980 |
|
|
|2 26
|1 01
|x 0206
|b 694309087
|y r1k
|z 19-01-05
|
| 980 |
|
|
|2 2570
|1 01
|x DE-364
|b 4819572989
|c 00
|f --%%--
|d Ludat 0201 (Außenmagazin)
|e --%%--
|j --%%--
|y l01
|z 02-12-25
|
| 982 |
|
|
|2 26
|1 00
|x DE-206
|8 90
|a Geschichte
|
| 982 |
|
|
|2 26
|1 00
|x DE-206
|8 90
|a Jugoslawien
|
| 982 |
|
|
|2 26
|1 00
|x DE-206
|8 90
|a Kroatien
|
| 983 |
|
|
|2 22
|1 01
|x 0018
|8 00
|a JUG A IV
|
| 984 |
|
|
|2 22
|1 02
|x 0018
|a 963196581
|
| 985 |
|
|
|2 2570
|1 01
|x DE-364
|a 2019.04250
|